| 000 | 02225cam a22002415a 4500 | ||
|---|---|---|---|
| 001 | L150180 | ||
| 008 | 100210s2009 xxk f 000 0 eng d | ||
| 020 | _a9780203876176 | ||
| 035 | _a(Sirsi) u150180 | ||
| 041 | 0 | _aeng | |
| 100 | 1 | _aBlackledge, Michael | |
| 245 | 0 | 0 |
_aIntroducing property valuation _h[electronic resource] |
| 260 |
_bRoutledge Ltd _c2009 |
||
| 300 | _aeBook | ||
| 505 | 2 | _aPart 1 Background -- 1 Economic context -- 2 The property valuation profession -- 3 Investment Part 2 Valuation mathematics -- 4 Compounding and discounting -- 5 Sinking funds and mortgages -- 6 Capitalisation -- 7 Alternative valuation tables and formulae -- Part 3 Valuation methods -- 8 Methods of measurement -- 9 RICS valuation standards: The Red Book -- 10 Comparison method -- 11 Investment method: traditional -- 12 Investment method: discounted cash flow -- 13 Residual method -- 14 Profits method -- 15 Cost methods -- Part 4 Applied valuations -- 16 Landlord and tenant valuations. | |
| 520 | _aThis comprehensive introduction to the concepts and methods of valuing real estate provides information for students to progress successfully from basic principles to a more sophisticated understanding of the subject. The book takes a practical rather than purely theoretical approach and demonstrates how the principles can be applied in professional practice with constant reference to the requirements of, and guidance provided by, the Royal Institution of Chartered Surveyors (RICS). The traditional five methods of valuation are briefly explained but concentration is on the practical application of the two main approaches; the comparison and investment methods. The alternative method of valuation of discounted cash flow, an area which has been neglected in other texts, is also covered. Further reading is given, along with a full range of worked examples, clear chapter summaries and further questions. Website companion material is also available. | ||
| 590 | _aka ntk | ||
| 650 | 2 | 4 | _aEBOOK |
| 651 | 4 | _aInternational | |
| 690 | _aPROPERTY-PROPERTY APPRAISAL AND VALUATION | ||
| 856 |
_uhttps://www.vlebooks.com/ _zView on VLEbooks. Logins for members only from [email protected] |
||
| 942 |
_n0 _2ddc |
||
| 999 |
_c110778 _d110778 |
||